Political power and social classes. (Record no. 169379)
[ view plain ]
| 000 -LEADER | |
|---|---|
| fixed length control field | 00597cam4a220021700 4500 |
| 001 - CONTROL NUMBER | |
| control field | zam00002467 |
| 008 - FIXED-LENGTH DATA ELEMENTS--GENERAL INFORMATION | |
| fixed length control field | 951128s1973 xx eng u |
| 035 ## - SYSTEM CONTROL NUMBER | |
| System control number | (Sirsi) r19824 |
| 035 ## - SYSTEM CONTROL NUMBER | |
| System control number | (MACHINE)SLC. |
| 100 ## - MAIN ENTRY--PERSONAL NAME | |
| Personal name | Poulantzas, N. |
| Linkage | A80866.1 |
| 245 10 - TITLE STATEMENT | |
| Title | Political power and social classes. |
| 260 ## - PUBLICATION, DISTRIBUTION, ETC. | |
| Date of publication, distribution, etc. | 1973. |
| 591 ## - | |
| -- | Class code: PL 450. |
| 591 ## - | |
| -- | Course: Socialist political theory. |
| 591 ## - | |
| -- | School: S05. |
| 591 ## - | |
| -- | Lecturer: Dr. KAELA, L.W. |
| 591 ## - | |
| -- | Number of Students: 14. |
| 949 ## - LOCAL PROCESSING INFORMATION (OCLC) | |
| a | JC249 |
| w | lcc |
| m | MAIN |
| t | BOOK |
| l | ON-SHELF |
| 909 ## - | |
| -- | Book |
No items available.